Normal view
MARC view
- Administration
Entry Topical Term
001 - CONTROL NUMBER
- control field: 217539
003 - CONTROL NUMBER IDENTIFIER
- control field: OSt
005 - DATE AND TIME OF LATEST TRANSACTION
- control field: 20260402113232.0
008 - FIXED-LENGTH DATA ELEMENTS
- fixed length control field: 260402|| aca||aabn | a|a d
040 ## - CATALOGING SOURCE
- Original cataloging agency: OSt
- Transcribing agency: OSt
150 ## - HEADING--TOPICAL TERM
- Topical term or geographic name entry element: Administration
670 ## - SOURCE DATA FOUND
- Source citation: Work cat.: (OSt)369190: Kaur Taranpreet 217538, Integrated Supervised Internship for GNM 3rd year part II nursing Students , 2025